Normal view
MARC view
- Kühnel, Wolfgang,
Entry Personal Name
001 - CONTROL NUMBER
- control field: 38968
003 - CONTROL NUMBER IDENTIFIER
- control field: OSt
005 - DATE AND TIME OF LATEST TRANSACTION
- control field: 20160110104131.0
008 - FIXED-LENGTH DATA ELEMENTS
- fixed length control field: 160103|| aca||aabn | a|a d
040 ## - CATALOGING SOURCE
- Original cataloging agency: OSt
100 1# - HEADING--PERSONAL NAME
- Personal name: Kühnel, Wolfgang,
- Dates associated with a name: 1934-
400 1# - SEE FROM TRACING--PERSONAL NAME
- Personal name: Kühnel, W.
- Fuller form of name: (Wolfgang),
- Dates associated with a name: 1934-
400 1# - SEE FROM TRACING--PERSONAL NAME
- Personal name: Kuehnel, Wolfgang,
- Dates associated with a name: 1934-